ბათუმის შოთა რუსთაველის სახელმწიფო უნივერსიტეტის ბიბლიოთეკა

ოჯახი და მოსწავლეთა ჯანმრთელობა / (ბიბ.ჩანაწერი № 62041)

000 -ლიდერი
ფიქსირებული სიგრძის საკონტროლო ველი 00908nam a22001697a 4500
003 - საკონტროლო ნომრის იდენტიფიკატორი
საკონტროლო ველი Ge_BSU
005 - ბოლო ოპერაციის თარიღი და დრო
საკონტროლო ველი 20240626160735.0
008 - ფიქსირებული სიგრძის მონაცემთა ელემენტები - ზოგადი ინფორმაცია
ფიქსირებული სიგრძის საკონტროლო ველი 240626s1939 ge ||||| |||| 00| 0 geo d
041 ## - ენის კოდი
Language code of text/sound track or separate title geo
080 ## - უნივერსალური ათობითი კლასიფიკაციის ინდექსი
Universal Decimal Classification number 371.7 +614.2-053.2 ჩ-23
100 ## - მთავარი ჩანაწერი - პიროვნების სახელი
Personal name ჩარექიშვილი, გ.
9 (RLIN) 22596
245 ## - ცნობა სათაურის შესახებ
Title ოჯახი და მოსწავლეთა ჯანმრთელობა /
Statement of responsibility, etc გ. ჩარექიშვილი; რედ. ილ. ლორთქიფანიძე; საქ. სსრ. დაწყ. და საშ. სკოლის სახელმწ. სამეცნ.-საკვ. ინსტიტუტი.
264 ## - წარმოების, გამოცემის, დისტრიბუციის და სხვა ცნობები
გამოცემის, წარმოების, დისტრიბუციის... ადგილი თბილისი,
გამოცემის, წარმოების, დისტრიბუციის... თარიღი 1939.
653 ## - INDEX TERM--UNCONTROLLED
Uncontrolled term მოსწავლეთა ჯანმრთელობა
700 ## - ADDED ENTRY--PERSONAL NAME
Personal name ლორთქიფანიძე, ილ.
Relator term რედაქტორი
9 (RLIN) 22597
942 ## - ADDED ENTRY ELEMENTS (KOHA)
Source of classification or shelving scheme
Koha item type წიგნი
ეგზემპლარები
ჩამოწერის სტატუსი დაკარგული ეგზემპლარის სტატუსი კლასიფიკაციის წყარო ან თაროზე გაწყობის სქემა დაზიანების სტატუსი არ გაიცემა მუდმივი მდებარეობა (დაცვის ადგილი) ამჟამინდელი ადგილსამყოფელი თაროზე განთავსების ადგილი შეძენის თარიღი ღირებულება, შესყიდვის ნორმალური ფასი სრული შენახვის შიფრი შტრიხკოდი ბოლო ოპერაციის თარიღი ეგზემპლარის მიმდევრობითი ნომერი (კეტერი?) ფასის ძალაში შესვლის თარიღი ეგზემპლარის სახეობა საჯარო შენიშვნა
          ბათუმის შოთა რუსთაველის სახელმწიფო უნივერსიტეტის მთავარი ბიბლიოთეკა ბათუმის შოთა რუსთაველის სახელმწიფო უნივერსიტეტის მთავარი ბიბლიოთეკა წიგნსაცავი 2024-06-26 0.50 371.7 +614.2-053.2 ჩ-23 68330 2024-06-26 68330 2024-06-26 წიგნი 0.50
          ბათუმის შოთა რუსთაველის სახელმწიფო უნივერსიტეტის მთავარი ბიბლიოთეკა ბათუმის შოთა რუსთაველის სახელმწიფო უნივერსიტეტის მთავარი ბიბლიოთეკა წიგნსაცავი 2024-06-26 0.50 371.7 +614.2-053.2 ჩ-23 68331 2024-06-26 68331 2024-06-26 წიგნი 0.50
          ბათუმის შოთა რუსთაველის სახელმწიფო უნივერსიტეტის მთავარი ბიბლიოთეკა ბათუმის შოთა რუსთაველის სახელმწიფო უნივერსიტეტის მთავარი ბიბლიოთეკა წიგნსაცავი 2024-06-26 0.50 371.7 +614.2-053.2 ჩ-23 68333 2024-06-26 68333 2024-06-26 წიგნი 0.50
          ბათუმის შოთა რუსთაველის სახელმწიფო უნივერსიტეტის მთავარი ბიბლიოთეკა ბათუმის შოთა რუსთაველის სახელმწიფო უნივერსიტეტის მთავარი ბიბლიოთეკა წიგნსაცავი 2024-06-26 0.50 371.7 +614.2-053.2 ჩ-23 68332 2024-06-26 68332 2024-06-26 წიგნი 0.50